Let's Count: Clues (1-100) Quiz Stats

 Plays Quiz not verified by Sporcle

Score 0/100 Timer 20:00
0 Plays Today
% Correct
80
66.3%
28
65%
1
61.3%
45
61.3%
6
60%
8
60%
36
60%
49
60%
61
60%
2
58.8%
19
58.8%
59
58.8%
81
57.5%
46
56.3%
48
55%
51
55%
63
55%
99
55%
9
53.8%
13
53.8%
64
53.8%
42
52.5%
70
51.3%
22
50%
50
50%
57
50%
77
50%
60
48.8%
88
48.8%
76
47.5%
21
46.3%
12
45%
20
45%
65
45%
% Correct
100
45%
62
42.5%
69
42.5%
16
41.3%
54
40%
26
37.5%
93
37.5%
3
32.5%
11
32.5%
67
32.5%
90
32.5%
4
31.3%
33
31.3%
98
30%
10
28.8%
82
28.8%
96
28.8%
15
27.5%
95
27.5%
72
26.3%
73
26.3%
14
25%
44
25%
55
25%
89
25%
92
25%
7
23.8%
40
23.8%
23
22.5%
34
22.5%
38
22.5%
94
22.5%
74
21.3%
87
21.3%
% Correct
17
20%
39
20%
43
20%
86
20%
91
18.8%
29
17.5%
30
17.5%
35
17.5%
66
17.5%
71
17.5%
75
17.5%
85
17.5%
18
16.3%
27
16.3%
32
16.3%
41
16.3%
78
16.3%
24
15%
47
15%
84
15%
37
13.8%
79
13.8%
5
12.5%
31
12.5%
52
12.5%
53
12.5%
58
12.5%
97
12.5%
56
11.3%
25
10%
68
8.8%
83
8.8%

You're not logged in!

Compare scores with friends on all Sporcle quizzes.
OR
Log In

Sporcle TV

Today on Sporcle TV


Watch our educational content, quiz creation guides, and fun videos on Sporcle TV.

Show Comments

Extras

Top Quizzes Today


Score Distribution

Your Account Isn't Verified!

In order to create a playlist on Sporcle, you need to verify the email address you used during registration. Go to your Sporcle Settings to finish the process.

Report this User

Report this user for behavior that violates our Community Guidelines.

Details: